MARC-Details
| 000 -LEADER |
| fixed length control field |
03220nam a2200661 c 4500 |
| 001 - CONTROL NUMBER |
| control field |
1947600869 |
| 003 - CONTROL NUMBER IDENTIFIER |
| control field |
DE-627 |
| 005 - DATE AND TIME OF LATEST TRANSACTION |
| control field |
20260108152007.0 |
| 007 - PHYSICAL DESCRIPTION FIXED FIELD--GENERAL INFORMATION |
| fixed length control field |
cr uuu---uuuuu |
| 008 - FIXED-LENGTH DATA ELEMENTS--GENERAL INFORMATION |
| fixed length control field |
251226s2024 gw |||||o 00| ||ger c |
| 020 ## - INTERNATIONAL STANDARD BOOK NUMBER |
| International Standard Book Number |
9783646731286 |
| Terms of availability |
EPUB |
| 024 7# - OTHER STANDARD IDENTIFIER |
| Standard number or code |
urn:nbn:de:gbv:18-epflicht-302710 |
| Source of number or code |
urn |
| 035 ## - SYSTEM CONTROL NUMBER |
| System control number |
(DE-627)1947600869 |
| 035 ## - SYSTEM CONTROL NUMBER |
| System control number |
(DE-599)KEP122302958 |
| 035 ## - SYSTEM CONTROL NUMBER |
| System control number |
(EPFHH-CARLSEN)9783646731286_9783646731286 |
| 035 ## - SYSTEM CONTROL NUMBER |
| System control number |
(EPFHH)1bf143f3-8f14-475c-ad5c-ec067a195cf1 |
| 035 ## - SYSTEM CONTROL NUMBER |
| System control number |
(DE-627-1)122302958 |
| 040 ## - CATALOGING SOURCE |
| Original cataloging agency |
DE-627 |
| Language of cataloging |
ger |
| Transcribing agency |
DE-627 |
| Description conventions |
rda |
| 041 ## - LANGUAGE CODE |
| Language code of text/sound track or separate title |
ger |
| Language code of original |
jpn |
| 044 ## - COUNTRY OF PUBLISHING/PRODUCING ENTITY CODE |
| ISO country code |
XA-DE-HH |
| 072 #7 - SUBJECT CATEGORY CODE |
| Subject category code |
9182 |
| Source |
wsb |
| 082 04 - DEWEY DECIMAL CLASSIFICATION NUMBER |
| Classification number |
741.5 |
| Assigning agency |
DE-576 |
| 245 04 - TITLE STATEMENT |
| Title |
The Guy She Was Interested in Wasn't a Guy at All 1 |
| Remainder of title |
Moderner Girls-Love-Manga über zwei junge Frauen und die Liebe zu alternativer Musik – Mit grünen Farbelementen im Innenteil! |
| Statement of responsibility, etc. |
Sumiko Arai, Carina Dallmeier |
| 250 ## - EDITION STATEMENT |
| Edition statement |
1. Auflage |
| 264 #1 - PRODUCTION, PUBLICATION, DISTRIBUTION, MANUFACTURE, AND COPYRIGHT NOTICE |
| Place of production, publication, distribution, manufacture |
Hamburg |
| Name of producer, publisher, distributor, manufacturer |
Hayabusa |
| Date of production, publication, distribution, manufacture, or copyright notice |
2024 |
| 300 ## - PHYSICAL DESCRIPTION |
| Extent |
1 Online-Ressource (184 S.) |
| Other physical details |
Illustrationen |
| 336 ## - CONTENT TYPE |
| Content type term |
Text |
| Content type code |
txt |
| Source |
rdacontent |
| 337 ## - MEDIA TYPE |
| Media type term |
Computermedien |
| Media type code |
c |
| Source |
rdamedia |
| 338 ## - CARRIER TYPE |
| Carrier type term |
Online-Ressource |
| Carrier type code |
cr |
| Source |
rdacarrier |
| 490 0# - SERIES STATEMENT |
| Series statement |
The Guy She Was Interested in Wasn't a Guy at All |
| Volume/sequential designation |
1 |
| 520 ## - SUMMARY, ETC. |
| Summary, etc. |
Mit grünen Farbelementen im Innenteil! Nirvana sind die Geilsten: Eine charmante Girls-Love-Serie in der die Liebe zur Musik verbindet Aya Osawa ist Stammkundin eines kleinen, alternativen Plattenladens. Obwohl sie das beliebteste Mädchen in ihrer Klasse ist, stimmt es sie traurig, dass niemand ihre Liebe zur alternativen Musik teilt. Doch in ihrem Plattenladen arbeitet seit Neustem ein hübscher E-Boy mit fantastischem Musikgeschmack, und Aya ist sofort Feuer und Flamme. Was sie nicht ahnt: Der hübsche E-Boy ist in Wahrheit ihre Klassenkameradin Mitsuki Koga. Und so beginnt die verrückte Liebesgeschichte der beiden Frauen... - Bisher 2 Bände im Original - Für Fans von Musik und LGBTQ+-Romantik Dies ist Band 1 der Serie. Moderner Slice-of-Life Girls-Love für alle Fans alternativer Musik oder welche, die es noch werden wollen! |
| 583 1# - ACTION NOTE |
| Action |
Archivierung/Langzeitarchivierung gewährleistet |
| Authorization |
PEHH |
| Action agent |
DE-576 |
| Source of term |
pdager |
| Institution to which field applies |
DE-18 |
| 650 #4 - SUBJECT ADDED ENTRY--TOPICAL TERM |
| Topical term or geographic name entry element |
girls love manga deutsch |
| 650 #4 - SUBJECT ADDED ENTRY--TOPICAL TERM |
| Topical term or geographic name entry element |
yuri manga deutsch taschenbuch |
| 650 #4 - SUBJECT ADDED ENTRY--TOPICAL TERM |
| Topical term or geographic name entry element |
lesbian romance deutsch |
| 650 #4 - SUBJECT ADDED ENTRY--TOPICAL TERM |
| Topical term or geographic name entry element |
lgbtq bücher deutsch |
| 650 #4 - SUBJECT ADDED ENTRY--TOPICAL TERM |
| Topical term or geographic name entry element |
shojo ai |
| 650 #4 - SUBJECT ADDED ENTRY--TOPICAL TERM |
| Topical term or geographic name entry element |
lesbische Liebe |
| 650 #4 - SUBJECT ADDED ENTRY--TOPICAL TERM |
| Topical term or geographic name entry element |
lesbische Liebesgeschichten |
| 650 #4 - SUBJECT ADDED ENTRY--TOPICAL TERM |
| Topical term or geographic name entry element |
alternative musik manga |
| 650 #4 - SUBJECT ADDED ENTRY--TOPICAL TERM |
| Topical term or geographic name entry element |
rock musik manga |
| 650 #4 - SUBJECT ADDED ENTRY--TOPICAL TERM |
| Topical term or geographic name entry element |
manga buch |
| 650 #4 - SUBJECT ADDED ENTRY--TOPICAL TERM |
| Topical term or geographic name entry element |
lesbische romane |
| 650 #4 - SUBJECT ADDED ENTRY--TOPICAL TERM |
| Topical term or geographic name entry element |
anime bücher zum lesen |
| 650 #4 - SUBJECT ADDED ENTRY--TOPICAL TERM |
| Topical term or geographic name entry element |
queer manga bücher |
| 650 #4 - SUBJECT ADDED ENTRY--TOPICAL TERM |
| Topical term or geographic name entry element |
hayabusa manga für jugendliche |
| 650 #4 - SUBJECT ADDED ENTRY--TOPICAL TERM |
| Topical term or geographic name entry element |
manga lesbische liebe |
| 650 #4 - SUBJECT ADDED ENTRY--TOPICAL TERM |
| Topical term or geographic name entry element |
girls liebe |
| 650 #4 - SUBJECT ADDED ENTRY--TOPICAL TERM |
| Topical term or geographic name entry element |
Frauenfreundschaft |
| 650 #4 - SUBJECT ADDED ENTRY--TOPICAL TERM |
| Topical term or geographic name entry element |
japansiche leserichtung |
| 951 ## - EQUIVALENCE OR CROSS-REFERENCE--GEOGRAPHIC NAME/AREA NAME [OBSOLETE] [CAN/MARC only] |
| Geographic name |
BO |
| 700 1# - ADDED ENTRY--PERSONAL NAME |
| Personal name |
Arai, Sumiko |
| Relator term |
VerfasserIn |
| Relationship |
aut |
| 700 1# - ADDED ENTRY--PERSONAL NAME |
| Personal name |
Dallmeier, Carina |
| Relator term |
ÜbersetzerIn |
| Relationship |
trl |
| 776 1# - ADDITIONAL PHYSICAL FORM ENTRY |
| International Standard Book Number |
9783551624291 |
| 776 08 - ADDITIONAL PHYSICAL FORM ENTRY |
| Relationship information |
Erscheint auch als |
| Note |
Druck-Ausgabe |
| International Standard Book Number |
9783551624291 |
| 856 40 - ELECTRONIC LOCATION AND ACCESS |
| Uniform Resource Identifier |
<a href="https://nbn-resolving.org/urn:nbn:de:gbv:18-epflicht-302710">https://nbn-resolving.org/urn:nbn:de:gbv:18-epflicht-302710</a> |
| Contact for access assistance |
X:EPF |
| Public note |
lizenzpflichtig |
| Access status |
1 |
| 942 ## - ADDED ENTRY ELEMENTS (KOHA) |
| Source of classification or shelving scheme |
Dewey Decimal Classification |
| Koha item type |
Manga |
| Suppress in OPAC |
No |